000 00824nam a2200229Ia 4500
003 GCL
008 140319s9999 xx 000 0 ara d
040 _aGCL /
_cGCL
082 0 4 _a956.9
_bهـ ف
100 1 _aناصر الدين النشاشيبى
245 1 0 _aفلسطين: كشف المستور فيما الت اليه الامور /
_cناصر الدين النشاشيبى
700 1 _aهالة العورى
300 _a389 ص
490 _aالهيئة العامة للاستعلامات
_v0
650 0 4 _aفلسطين
650 0 4 _aالاحتلال الصهيونى
650 0 4 _aاللاجئون الفلسطينيون
650 0 4 _aاتفاقية اوسلو
650 0 4 _aفلسطين - الوضع الدولى
650 0 4 _aفلسطين - تاريخ - العصر الحديث
942 _2ddc
_cBK
999 _c52017
_d52017